La democracia en América Latina, un barco a la deriva
Shranjeno v:
| Glavni avtor: | |
|---|---|
| Format: | Knjiga |
| Jezik: | španščina |
| Izdano: |
Buenos Aires
Fondo de Cultura Económica
2006
|
| Izdaja: | 1a. ed |
| Serija: | Historia
|
| Teme: | |
| Oznake: |
Označite
Brez oznak, prvi označite!
|
MARC
| LEADER | 00000nam a2200000 a 4500 | ||
|---|---|---|---|
| 001 | UCI6264 | ||
| 003 | CL-VaPUC | ||
| 008 | 080425e20060000AG |||||||||||||||||spa|d | ||
| 020 | |a 9789505576913 | ||
| 082 | 0 | 4 | |a 321.8 |b ANS |2 21 |
| 100 | |a Ansaldi, Waldo |e author |9 522018 | ||
| 245 | 1 | 3 | |a La democracia en América Latina, un barco a la deriva |
| 250 | |a 1a. ed | ||
| 300 | |a 582 p | ||
| 942 | |c BK | ||
| 945 | |d 20080425 00:00:00 |a jtorresc | ||
| 260 | |a Buenos Aires |b Fondo de Cultura Económica |c 2006 | ||
| 650 | 0 | |a Democracia |9 255256 | |
| 650 | 0 | |a Historia política |9 256974 | |
| 650 | 0 | |a Globalización |9 361930 | |
| 651 | 0 | |a América Latina |9 255027 | |
| 583 | |a last modification |c 20080425 00:00:00 |k Rodrigo Vera | ||
| 490 | 0 | |a Historia | |
| 999 | |c 329792 |d 329790 | ||
| 952 | |0 0 |1 0 |4 0 |6 321_800000000000000_ANS_2006 |7 0 |8 A |9 414871 |a BIBHIS |b BIBHIS |d 2019-11-22 |i 4432959 |l 2 |o 321.8 ANS 2006 |p 4432959 |r 2025-01-20 |s 2022-06-28 |w 2019-11-22 |y BK |k HIS | ||
| 952 | |0 0 |1 0 |4 0 |6 321_800000000000000_ANS_2006 |7 0 |8 A |9 414872 |a BIBGIM |b BIBGIM |d 2019-11-22 |i 4610121 |o 321.8 ANS 2006 |p 4610121 |r 2025-01-15 |w 2019-11-22 |y BK |k MTS | ||
| 952 | |0 0 |1 0 |4 0 |6 321_800000000000000_ANS_2006 |7 0 |8 A |9 414873 |a BIBGIM |b BIBGIM |d 2019-11-22 |i 461013K |o 321.8 ANS 2006 |p 461013K |r 2025-01-15 |w 2019-11-22 |y BK |k MTS | ||
| 952 | |0 0 |1 0 |4 0 |6 321_800000000000000_ANS_2006 |7 0 |8 A |9 414874 |a BIBGIM |b BIBGIM |d 2019-11-22 |i 4616995 |o 321.8 ANS 2006 |p 4616995 |r 2025-01-15 |w 2019-11-22 |y BK |k MTS | ||
| 952 | |0 0 |1 0 |4 0 |6 321_800000000000000_ANS_2006 |7 0 |8 A |9 414875 |a BIBGIM |b BIBGIM |d 2019-11-22 |i 4617002 |o 321.8 ANS 2006 |p 4617002 |r 2025-01-15 |w 2019-11-22 |y BK |k MTS | ||